[Event "POR-chT"]
[Site "Leiria"]
[Date "2017.07.19"]
[Round "4.5"]
[White "Luch, Michal"]
[Black "Cuenca Jimenez, Jose Fernando"]
[Result "0-1"]
[WhiteElo "2393"]
[BlackElo "2498"]
[PlyCount "60"]
[EventDate "2017.07.17"]
[EventType "team-tourn"]
[EventRounds "9"]
[EventCountry "POR"]
[SourceTitle "CBM 179 Extra"]
[Source "ChessBase"]
[SourceDate "2017.08.23"]
[SourceVersion "1"]
[SourceVersionDate "2017.08.23"]
[SourceQuality "1"]
[WhiteTeam "Coimbra"]
[BlackTeam "Mata de Benfica"]
[WhiteTeamCountry "POR"]
[BlackTeamCountry "POR"]

1. d4 Nf6 2. c4 e6 3. Nc3 Bb4 4. Qc2 b6 5. e4 c5 6. d5 Qe7 7. Qe2 d6 8. Bd2 O-O
9. f3 a6 10. O-O-O b5 11. Qf2 Nbd7 12. a3 Ba5 13. dxe6 fxe6 14. Bf4 Bxc3 15.
bxc3 e5 16. Be3 Ng4 17. Qd2 Nxe3 18. Qxe3 Nb6 19. Qd2 Rd8 20. Qb2 Be6 21. cxb5
axb5 22. Bxb5 Nc4 23. Bxc4 Bxc4 24. Nh3 Rdb8 25. Qa1 Rb3 26. a4 Qd7 27. a5 Qb5
28. Rxd6 Rxa5 29. Rd8+ Kf7 30. Rd7+ Ke8 0-1

[Event "POR-chT"]
[Site "Leiria"]
[Date "2017.07.20"]
[Round "5.1"]
[White "Cuenca Jimenez, Jose Fernando"]
[Black "Sprenger, Jan Michael"]
[Result "1/2-1/2"]
[WhiteElo "2498"]
[BlackElo "2514"]
[PlyCount "111"]
[EventDate "2017.07.17"]
[EventType "team-tourn"]
[EventRounds "9"]
[EventCountry "POR"]
[SourceTitle "CBM 179 Extra"]
[Source "ChessBase"]
[SourceDate "2017.08.23"]
[SourceVersion "1"]
[SourceVersionDate "2017.08.23"]
[SourceQuality "1"]
[WhiteTeam "Mata de Benfica"]
[BlackTeam "Porto"]
[WhiteTeamCountry "POR"]
[BlackTeamCountry "POR"]

1. e4 c5 2. Nf3 e6 3. d4 cxd4 4. Nxd4 a6 5. Bd3 Bc5 6. Nb3 Ba7 7. O-O Nc6 8.
Qg4 Qf6 9. Nc3 Nge7 10. Bg5 Qg6 11. Qh4 f6 12. Bf4 Ne5 13. Be2 Qf7 14. Qg3 O-O
15. Be3 Bb8 16. f4 N5c6 17. Qf3 b5 18. Rad1 d6 19. a3 Bb7 20. Qh3 f5 21. Bh5 g6
22. Bf3 b4 23. Na4 bxa3 24. bxa3 Bc7 25. c4 Na5 26. Nxa5 Bxa5 27. e5 d5 28. Nb6
Bxb6 29. Bxb6 Rfc8 30. c5 Bc6 31. Be2 Qe8 32. Rb1 Bb5 33. Bxb5 axb5 34. Qd3 Ra4
35. Rf3 Nc6 36. Qxb5 Nd4 37. Qxe8+ Rxe8 38. Re3 Rea8 39. Bc7 Rxa3 40. Rxa3 Rxa3
41. Rb4 Ra1+ 42. Kf2 Ra2+ 43. Kg3 Ra3+ 44. Kh4 Rd3 45. Bd6 h6 46. Rb8+ Kf7 47.
Rb7+ Kg8 48. Rb8+ Kf7 49. Rf8+ Kg7 50. Rc8 Rd2 51. c6 Rxg2 52. c7 Rg4+ 53. Kh3
Ne2 54. Rg8+ Kh7 55. Rh8+ Kg7 56. Rg8+ 1/2-1/2

[Event "POR-chT"]
[Site "Leiria"]
[Date "2017.07.20"]
[Round "6.5"]
[White "Cuenca Jimenez, Jose Fernando"]
[Black "Zelbel, Patrick"]
[Result "1/2-1/2"]
[WhiteElo "2498"]
[BlackElo "2452"]
[PlyCount "152"]
[EventDate "2017.07.17"]
[EventType "team-tourn"]
[EventRounds "9"]
[EventCountry "POR"]
[SourceTitle "CBM 179 Extra"]
[Source "ChessBase"]
[SourceDate "2017.08.23"]
[SourceVersion "1"]
[SourceVersionDate "2017.08.23"]
[SourceQuality "1"]
[WhiteTeam "Mata de Benfica"]
[BlackTeam "Montemor o Velho"]
[WhiteTeamCountry "POR"]
[BlackTeamCountry "POR"]

1. c4 c5 2. Nf3 Nc6 3. d4 cxd4 4. Nxd4 e6 5. Nc3 Bc5 6. Nb3 Bb4 7. g3 Nf6 8.
Bg2 d5 9. cxd5 Nxd5 10. O-O Nxc3 11. bxc3 Be7 12. Qxd8+ Nxd8 13. Be3 Bd7 14.
Na5 Rc8 15. Nxb7 Nxb7 16. Bxb7 Rxc3 17. Bxa7 Rc7 18. Rab1 Bc8 19. Bxc8 Rxa7 20.
Rb7 Rxb7 21. Bxb7 Kd7 22. a4 Rb8 23. Bf3 Rb6 24. Rc1 Ra6 25. Bb7 Rb6 26. Be4
Ra6 27. Bd3 Ra7 28. Bb5+ Kd8 29. Kg2 Bb4 30. Rc4 Ba5 31. Rc6 h6 32. Kf3 Be1 33.
h4 Bb4 34. Rc4 Ba5 35. g4 Rc7 36. Rd4+ Ke7 37. Kg2 Bb6 38. Rd3 Ba5 39. f4 Be1
40. h5 f6 41. f5 e5 42. Rd1 Ba5 43. Kf3 Bb6 44. Ke4 Bd4 45. e3 Bb6 46. Rd2 Ba5
47. Rd3 Bb6 48. Rd1 Ba5 49. Kd5 Bb6 50. Rd3 Rc5+ 51. Ke4 Rc7 52. Rb3 Kd6 53.
Bd3 Ba7 54. a5 Rc5 55. Bb5 Kc7 56. a6 Bb6 57. Be8 Ra5 58. Bb5 Kd6 59. Bd3 Kc6
60. Rb4 Kc7 61. Rc4+ Rc5 62. Rb4 Ra5 63. Bc4 Kc6 64. Bd5+ Kc7 65. Bb7 Bc5 66.
Rb1 Kd6 67. Rd1+ Kc7 68. Rc1 Kd6 69. Rc3 Ra4+ 70. Kf3 Ra5 71. Bc8 Kc6 72. Rb3
Kc7 73. Bb7 Ra3 74. Rxa3 Bxa3 75. Ke4 Bc5 76. Kd3 Kd6 1/2-1/2

[Event "POR-chT"]
[Site "Leiria"]
[Date "2017.07.21"]
[Round "7.2"]
[White "Cuenca Jimenez, Jose Fernando"]
[Black "Ftacnik, Lubomir"]
[Result "1/2-1/2"]
[WhiteElo "2498"]
[BlackElo "2551"]
[PlyCount "73"]
[EventDate "2017.07.17"]
[EventType "team-tourn"]
[EventRounds "9"]
[EventCountry "POR"]
[SourceTitle "CBM 179 Extra"]
[Source "ChessBase"]
[SourceDate "2017.08.23"]
[SourceVersion "1"]
[SourceVersionDate "2017.08.23"]
[SourceQuality "1"]
[WhiteTeam "Mata de Benfica"]
[BlackTeam "Gaia"]
[WhiteTeamCountry "POR"]
[BlackTeamCountry "POR"]

1. d4 Nf6 2. c4 g6 3. Nc3 d5 4. cxd5 Nxd5 5. e4 Nxc3 6. bxc3 Bg7 7. Nf3 c5 8.
Be3 O-O 9. Be2 b6 10. Qd2 cxd4 11. cxd4 Bb7 12. e5 Nc6 13. h4 Qd5 14. h5 Rfd8
15. hxg6 hxg6 16. Rh4 Qa5 17. Qxa5 Nxa5 18. e6 f6 19. Rg4 g5 20. Nh4 Bd5 21.
Ng6 Bxe6 22. Re4 Rd6 23. Nxe7+ Kf7 24. d5 Bxd5 25. Nxd5 Rxd5 26. Rc1 Rad8 27.
Rc7+ R5d7 28. Bh5+ Kg8 29. Re7 Rxe7 30. Rxe7 Nc4 31. Bf7+ Kf8 32. Rxa7 Nxe3 33.
fxe3 f5 34. Bb3 Bc3+ 35. Kf1 Rd6 36. Rf7+ Ke8 37. Rxf5 1/2-1/2

[Event "POR-chT"]
[Site "Leiria"]
[Date "2017.07.22"]
[Round "8.4"]
[White "Cuenca Jimenez, Jose Fernando"]
[Black "Medarde Santiago, Luis Marcos"]
[Result "1-0"]
[WhiteElo "2498"]
[BlackElo "2354"]
[PlyCount "107"]
[EventDate "2017.07.17"]
[EventType "team-tourn"]
[EventRounds "9"]
[EventCountry "POR"]
[SourceTitle "CBM 179 Extra"]
[Source "ChessBase"]
[SourceDate "2017.08.23"]
[SourceVersion "1"]
[SourceVersionDate "2017.08.23"]
[SourceQuality "1"]
[WhiteTeam "Mata de Benfica"]
[BlackTeam "Barreirense"]
[WhiteTeamCountry "POR"]
[BlackTeamCountry "POR"]

1. e4 c5 2. Nf3 g6 3. d4 cxd4 4. Nxd4 Nc6 5. c4 Nf6 6. Nc3 d6 7. Be2 Nxd4 8.
Qxd4 Bg7 9. Be3 O-O 10. Qd3 a5 11. O-O a4 12. Bd4 Bd7 13. f4 Bc6 14. Rad1 Nd7
15. Bxg7 Kxg7 16. Kh1 Qb6 17. Rd2 Qb4 18. h4 Nc5 19. Qd4+ Kg8 20. Nd5 Bxd5 21.
exd5 Ne4 22. Rd3 f5 23. Re3 a3 24. b3 b5 25. g4 Rf6 26. h5 bxc4 27. Bxc4 Re8
28. h6 g5 29. fxg5 Nxg5 30. gxf5 Rxh6+ 31. Kg2 Kf7 32. Rg3 Rg8 33. Qf4 Kf6 34.
Qd4+ Kf7 35. Qe3 Kf6 36. Re1 Qb7 37. Qd4+ Kf7 38. Qf4 Rh5 39. Qe3 Kf6 40. Rf1
Rh4 41. Rf4 Rxf4 42. Qxf4 Qb4 43. Kf2 Qc5+ 44. Ke2 Rg7 45. Qh4 Kxf5 46. Bd3+
Ke5 47. Rxg5+ Rxg5 48. Qxg5+ Kd4 49. Qf4+ Kc3 50. Qd2+ Kd4 51. Bxh7+ Ke5 52.
Qg5+ Kd4 53. Qe3+ Kxd5 54. Qe4# 1-0

[Event "Lund CellaVision Cup"]
[Site "Lund"]
[Date "2017.08.04"]
[Round "4"]
[White "Kulaots, Kaido"]
[Black "Cuenca Jimenez, Jose Fernando"]
[Result "1/2-1/2"]
[WhiteElo "2577"]
[BlackElo "2513"]
[PlyCount "79"]
[EventDate "2017.08.04"]
[EventType "swiss"]
[EventRounds "8"]
[EventCountry "SWE"]
[SourceTitle "CBM 180 Extra"]
[Source "ChessBase"]
[SourceDate "2017.10.06"]
[SourceVersion "1"]
[SourceVersionDate "2017.10.06"]
[SourceQuality "1"]

1. e4 e6 2. d4 d5 3. Nc3 Bb4 4. Nge2 dxe4 5. a3 Bxc3+ 6. Nxc3 Nc6 7. d5 exd5 8.
Qxd5 Be6 9. Qxe4 Nf6 10. Qh4 Qd4 11. Qxd4 Nxd4 12. Bd3 Bf5 13. Bxf5 Nxf5 14.
Bg5 O-O-O 15. O-O Rhe8 16. Bxf6 gxf6 17. Rfd1 Nd4 18. Rac1 Ne2+ 19. Nxe2 Rxd1+
20. Rxd1 Rxe2 21. Rc1 Kd7 22. Kf1 Re5 23. Rd1+ Ke7 24. f4 Rc5 25. c3 Ke6 26.
Kf2 Rd5 27. Re1+ Kf5 28. Ke3 h5 29. Re2 Rd7 30. Rf2 Re7+ 31. Kf3 Rd7 32. g3
Rd3+ 33. Kg2 Kg4 34. f5 Kg5 35. h4+ Kh6 36. Rf3 Rd2+ 37. Rf2 Rd3 38. Rf3 Rd2+
39. Rf2 Rd3 40. Rf3 1/2-1/2

[Event "Lund CellaVision Cup"]
[Site "Lund"]
[Date "2017.08.05"]
[Round "5"]
[White "Cuenca Jimenez, Jose Fernando"]
[Black "Brunello, Sabino"]
[Result "1/2-1/2"]
[WhiteElo "2513"]
[BlackElo "2566"]
[PlyCount "29"]
[EventDate "2017.08.04"]
[EventType "swiss"]
[EventRounds "8"]
[EventCountry "SWE"]
[SourceTitle "CBM 180 Extra"]
[Source "ChessBase"]
[SourceDate "2017.10.06"]
[SourceVersion "1"]
[SourceVersionDate "2017.10.06"]
[SourceQuality "1"]

1. Nf3 d5 2. d4 Nf6 3. c4 dxc4 4. e3 Bg4 5. Bxc4 e6 6. h3 Bh5 7. Nc3 a6 8. g4
Bg6 9. Ne5 Nbd7 10. Nxg6 hxg6 11. g5 Ng8 12. h4 Ne7 13. e4 c5 14. d5 Nb6 15.
Qe2 1/2-1/2

[Event "Lund CellaVision Cup"]
[Site "Lund"]
[Date "2017.08.05"]
[Round "6"]
[White "Vorobiov, Evgeny E"]
[Black "Cuenca Jimenez, Jose Fernando"]
[Result "1/2-1/2"]
[WhiteElo "2569"]
[BlackElo "2513"]
[PlyCount "109"]
[EventDate "2017.08.04"]
[EventType "swiss"]
[EventRounds "8"]
[EventCountry "SWE"]
[SourceTitle "CBM 180 Extra"]
[Source "ChessBase"]
[SourceDate "2017.10.06"]
[SourceVersion "1"]
[SourceVersionDate "2017.10.06"]
[SourceQuality "1"]

1. Nf3 Nf6 2. c4 g6 3. g3 Bg7 4. Bg2 O-O 5. d4 d6 6. O-O Nc6 7. Nc3 a6 8. Bf4
Rb8 9. Rc1 h6 10. h3 g5 11. Bd2 e5 12. d5 Ne7 13. Ne1 b5 14. b3 bxc4 15. bxc4
Nd7 16. e4 f5 17. exf5 Nxf5 18. Ne4 Nf6 19. Nc2 Nd4 20. Nxf6+ Qxf6 21. Nxd4
exd4 22. Ba5 Rb2 23. Rc2 Rxc2 24. Qxc2 Bf5 25. Qd2 d3 26. Rc1 Re8 27. Bf1 Bxh3
28. Qxd3 Bf5 29. Qd2 Be4 30. Bg2 Bxg2 31. Kxg2 g4 32. Qd3 Rf8 33. Rc2 Rf7 34.
Bc3 Qf3+ 35. Qxf3 gxf3+ 36. Kh3 Re7 37. Ba5 Bd4 38. g4 Be5 39. Rd2 Rf7 40. Rd3
Rf4 41. Bc3 Rxc4 42. Bxe5 dxe5 43. Rxf3 Rd4 44. Rf6 Rxd5 45. Rxh6 Rd2 46. Kg3
Rxa2 47. Re6 Ra5 48. f3 Kf7 49. Rc6 Ra3 50. Rxc7+ Ke6 51. Rc8 a5 52. Ra8 Kf6
53. Ra6+ Kf7 54. Kf2 Ke7 55. Ke2 1/2-1/2

[Event "Lund CellaVision Cup"]
[Site "Lund"]
[Date "2017.08.06"]
[Round "7"]
[White "Cuenca Jimenez, Jose Fernando"]
[Black "Harren, Mats"]
[Result "1/2-1/2"]
[WhiteElo "2513"]
[BlackElo "2068"]
[PlyCount "67"]
[EventDate "2017.08.04"]
[EventType "swiss"]
[EventRounds "8"]
[EventCountry "SWE"]
[SourceTitle "CBM 180 Extra"]
[Source "ChessBase"]
[SourceDate "2017.10.06"]
[SourceVersion "1"]
[SourceVersionDate "2017.10.06"]
[SourceQuality "1"]

1. e4 e5 2. Nf3 Nc6 3. Bb5 a6 4. Ba4 Nf6 5. O-O Be7 6. d3 b5 7. Bb3 d6 8. a3
Na5 9. Ba2 c5 10. Nc3 Be6 11. Nd5 Nxd5 12. exd5 Bg4 13. h3 Bh5 14. b4 Nb7 15.
g4 Bg6 16. bxc5 Nxc5 17. d4 exd4 18. Nxd4 O-O 19. f4 h6 20. Nc6 Qc7 21. Bb2 f5
22. Qd2 Kh8 23. Rae1 Ne4 24. Qg2 Bh4 25. Re3 Rae8 26. Nd4 Qa7 27. Kh2 Bf6 28.
Rd1 Nc5 29. Rxe8 Rxe8 30. c3 Re3 31. Bb1 Qe7 32. Rf1 Bxd4 33. cxd4 Ne4 34. Bxe4
1/2-1/2

[Event "Lund CellaVision Cup"]
[Site "Lund"]
[Date "2017.08.06"]
[Round "8"]
[White "Kristiansen, Jens"]
[Black "Cuenca Jimenez, Jose Fernando"]
[Result "1-0"]
[WhiteElo "2399"]
[BlackElo "2513"]
[PlyCount "87"]
[EventDate "2017.08.04"]
[EventType "swiss"]
[EventRounds "8"]
[EventCountry "SWE"]
[SourceTitle "CBM 180 Extra"]
[Source "ChessBase"]
[SourceDate "2017.10.06"]
[SourceVersion "1"]
[SourceVersionDate "2017.10.06"]
[SourceQuality "1"]

1. d4 Nf6 2. c4 g6 3. Nc3 Bg7 4. e4 d6 5. Nf3 O-O 6. Be2 e5 7. d5 a5 8. Bg5 h6
9. Bh4 Na6 10. Nd2 Bd7 11. O-O Qe8 12. b3 Nh7 13. a3 h5 14. f3 Bh6 15. Rb1 Be3+
16. Bf2 Bxf2+ 17. Rxf2 h4 18. b4 axb4 19. axb4 Qe7 20. Qc1 Nf6 21. f4 exf4 22.
Rxf4 Nh7 23. Rf2 h3 24. Nf3 Rae8 25. gxh3 Bxh3 26. Qf4 f5 27. Bd3 Qg7 28. Qd2
f4 29. e5 dxe5 30. Kh1 Bf5 31. Bxf5 Rxf5 32. Ne4 Nf6 33. Qd3 Ng4 34. Rg2 Ne3
35. b5 Nb8 36. Rbg1 Nxg2 37. Rxg2 Qh6 38. d6 Rf7 39. dxc7 Rxc7 40. Qd6 Rg7 41.
Nf6+ Kf7 42. Nxe8 Kxe8 43. Qxb8+ Kf7 44. Ng5+ 1-0

[Event "ESP-ch rapid"]
[Site "Linares"]
[Date "2017.08.13"]
[Round "1"]
[White "Martin Carmona, Gaston Manuel"]
[Black "Cuenca Jimenez, Jose Fernando"]
[Result "0-1"]
[WhiteElo "2205"]
[BlackElo "2513"]
[PlyCount "94"]
[EventDate "2017.08.13"]
[EventType "swiss (rapid)"]
[EventRounds "9"]
[EventCountry "ESP"]
[SourceTitle "CBM 179 Extra"]
[Source "ChessBase"]
[SourceDate "2017.08.23"]
[SourceVersion "1"]
[SourceVersionDate "2017.08.23"]
[SourceQuality "1"]

1. e4 e6 2. d4 d5 3. Nc3 Bb4 4. e5 c5 5. a3 Bxc3+ 6. bxc3 Ne7 7. Qg4 O-O 8. Bd3
c4 9. Bh6 Ng6 10. Bxg6 fxg6 11. Bd2 Nc6 12. h4 Ne7 13. Nh3 Qe8 14. a4 a5 15.
Nf4 h6 16. Qe2 Bd7 17. g4 Ra6 18. h5 g5 19. Nh3 Bxa4 20. Be3 Bd7 21. f4 gxf4
22. Bxf4 Kh7 23. Qe3 b5 24. Bg3 Ra8 25. Bh4 Rf7 26. g5 Rf5 27. g6+ Kg8 28. Nf4
Rf8 29. Bxe7 Qxe7 30. Kd2 Rf5 31. Ne2 Qf8 32. Rh3 b4 33. cxb4 axb4 34. Rxa8
Qxa8 35. Rf3 Qa1 36. Rxf5 c3+ 37. Nxc3 Qxc3+ 38. Qxc3 bxc3+ 39. Kxc3 exf5 40.
Kd3 Bb5+ 41. Ke3 Kf8 42. Kf4 Bd7 43. Ke3 Ke7 44. Kf4 Ke6 45. c3 Ba4 46. Kg3 Bd1
47. Kh4 Be2 0-1

[Event "ESP-ch rapid"]
[Site "Linares"]
[Date "2017.08.13"]
[Round "2"]
[White "Cuenca Jimenez, Jose Fernando"]
[Black "Cruz Alvarez de Ron, Dan"]
[Result "1-0"]
[WhiteElo "2513"]
[BlackElo "2139"]
[PlyCount "43"]
[EventDate "2017.08.13"]
[EventType "swiss (rapid)"]
[EventRounds "9"]
[EventCountry "ESP"]
[SourceTitle "CBM 179 Extra"]
[Source "ChessBase"]
[SourceDate "2017.08.23"]
[SourceVersion "1"]
[SourceVersionDate "2017.08.23"]
[SourceQuality "1"]

1. Nf3 Nf6 2. c4 c5 3. Nc3 Nc6 4. d4 cxd4 5. Nxd4 Qb6 6. Nb3 e6 7. g3 Ng4 8. e3
Nge5 9. Be2 Bb4 10. O-O O-O 11. c5 Qd8 12. f4 Bxc3 13. bxc3 Ng6 14. Qd6 f6 15.
e4 Nh8 16. Be3 Nf7 17. Qd2 b6 18. cxb6 axb6 19. Rfd1 d6 20. c4 Bb7 21. Rab1 Na5
22. Nxa5 1-0

[Event "ESP-ch rapid"]
[Site "Linares"]
[Date "2017.08.13"]
[Round "3"]
[White "Bruzon Batista, Lazaro"]
[Black "Cuenca Jimenez, Jose Fernando"]
[Result "1-0"]
[WhiteElo "2643"]
[BlackElo "2513"]
[PlyCount "95"]
[EventDate "2017.08.13"]
[EventType "swiss (rapid)"]
[EventRounds "9"]
[EventCountry "ESP"]
[SourceTitle "CBM 179 Extra"]
[Source "ChessBase"]
[SourceDate "2017.08.23"]
[SourceVersion "1"]
[SourceVersionDate "2017.08.23"]
[SourceQuality "1"]

1. d4 Nf6 2. c4 g6 3. Nf3 Bg7 4. g3 O-O 5. Bg2 d6 6. O-O Nc6 7. Nc3 a6 8. Bf4
Rb8 9. Rc1 h6 10. h3 g5 11. Bd2 e5 12. d5 Ne7 13. e4 b5 14. cxb5 axb5 15. Ne1
c6 16. dxc6 Nxc6 17. Nd3 Be6 18. Nd5 Ne7 19. N3b4 Nfxd5 20. exd5 Bf5 21. Nc6
Nxc6 22. dxc6 Qc7 23. Bb4 Rfd8 24. Ba5 Qxa5 25. c7 Rbc8 26. cxd8=Q+ Rxd8 27.
Bd5 Bxh3 28. Re1 Bf5 29. Qh5 Rf8 30. Red1 Qb4 31. Qe2 e4 32. Rc7 Bg6 33. Bb3
Be5 34. Rb7 Qc5 35. Rxb5 Qa7 36. Kg2 Re8 37. Bd5 Kg7 38. Rb7 Qa5 39. b4 Qa3 40.
Bb3 Qa8 41. Bd5 Qa3 42. Qe3 Qb2 43. Rd2 Qa1 44. Qb3 e3 45. Qxe3 Rc8 46. Qf3 Bf6
47. Bxf7 Bxf7 48. Rxf7+ 1-0

[Event "ESP-ch rapid"]
[Site "Linares"]
[Date "2017.08.13"]
[Round "4"]
[White "Cuenca Jimenez, Jose Fernando"]
[Black "Barrios Munoz, Rafael Carlos"]
[Result "1-0"]
[WhiteElo "2513"]
[BlackElo "2042"]
[PlyCount "106"]
[EventDate "2017.08.13"]
[EventType "swiss (rapid)"]
[EventRounds "9"]
[EventCountry "ESP"]
[SourceTitle "CBM 179 Extra"]
[Source "ChessBase"]
[SourceDate "2017.08.23"]
[SourceVersion "1"]
[SourceVersionDate "2017.08.23"]
[SourceQuality "1"]

1. Nf3 d6 2. d4 Bg4 3. e4 Nd7 4. Bc4 e6 5. Nc3 c6 6. h3 Bxf3 7. Qxf3 Ngf6 8.
O-O Be7 9. Bd3 Qc7 10. Ne2 h6 11. c3 g5 12. Ng3 O-O-O 13. Qe2 h5 14. Bxg5 h4
15. Nh1 Rdg8 16. f4 Nf8 17. Qe1 Nh5 18. Be2 Bxg5 19. fxg5 Ng6 20. Bg4 Kb8 21.
Qe3 e5 22. Rad1 Qe7 23. Nf2 Ng3 24. Rfe1 Rd8 25. Nd3 exd4 26. cxd4 Rhe8 27. Bf3
d5 28. e5 Nf5 29. Qf2 Ng3 30. Bg4 Qxg5 31. Nc5 Qe7 32. Rd3 Rg8 33. Rb3 b6 34.
Na6+ Ka8 35. Nb4 Rc8 36. Bxc8 Rxc8 37. Qf6 Qxf6 38. exf6 Ne4 39. Rf3 Kb7 40.
Nd3 c5 41. dxc5 bxc5 42. Rf5 c4 43. Rxd5 cxd3 44. Rxe4 Rc1+ 45. Kh2 Rc2 46.
Rxd3 Rxb2 47. Rb3+ Rxb3 48. axb3 Kc6 49. g3 hxg3+ 50. Kxg3 Kd5 51. Re7 a5 52.
Rxf7 Ke6 53. Ra7 Kd5 1-0

[Event "ESP-ch rapid"]
[Site "Linares"]
[Date "2017.08.13"]
[Round "5"]
[White "Morales Araujo, Francisco Javier"]
[Black "Cuenca Jimenez, Jose Fernando"]
[Result "1-0"]
[WhiteElo "2134"]
[BlackElo "2513"]
[PlyCount "79"]
[EventDate "2017.08.13"]
[EventType "swiss (rapid)"]
[EventRounds "9"]
[EventCountry "ESP"]
[SourceTitle "CBM 179 Extra"]
[Source "ChessBase"]
[SourceDate "2017.08.23"]
[SourceVersion "1"]
[SourceVersionDate "2017.08.23"]
[SourceQuality "1"]

1. f4 c5 2. Nf3 g6 3. g3 Bg7 4. Bg2 Nc6 5. c3 Nf6 6. d3 d5 7. O-O O-O 8. Na3
Qc7 9. Qe1 b6 10. Nb5 Qb8 11. e4 a6 12. Na3 e6 13. e5 Nd7 14. g4 f6 15. d4 a5
16. Nb5 fxe5 17. fxe5 Ba6 18. a4 cxd4 19. cxd4 Bxb5 20. axb5 Nb4 21. Qh4 Qe8
22. Bg5 Rf7 23. Bd2 Bf8 24. Ng5 Rg7 25. Nh3 Nc2 26. Rad1 Nxd4 27. Bh6 Nxb5 28.
Bxg7 Bxg7 29. Ng5 h6 30. Nxe6 g5 31. Nxg7 Kxg7 32. Qf2 Rd8 33. Rxd5 Nc7 34. Rd6
Ne6 35. Qf5 Ndc5 36. Qf6+ Kh7 37. Bc6 Qf8 38. Rxe6 Nxe6 39. Be4+ Kg8 40. Qxe6+
1-0

[Event "ESP-ch rapid"]
[Site "Linares"]
[Date "2017.08.13"]
[Round "6"]
[White "Cuenca Jimenez, Jose Fernando"]
[Black "Veganzonez Rojo, David"]
[Result "0-1"]
[WhiteElo "2513"]
[BlackElo "2149"]
[PlyCount "136"]
[EventDate "2017.08.13"]
[EventType "swiss (rapid)"]
[EventRounds "9"]
[EventCountry "ESP"]
[SourceTitle "CBM 179 Extra"]
[Source "ChessBase"]
[SourceDate "2017.08.23"]
[SourceVersion "1"]
[SourceVersionDate "2017.08.23"]
[SourceQuality "1"]

1. e4 e5 2. Nf3 Nc6 3. Bb5 f5 4. Nc3 fxe4 5. Nxe4 Nf6 6. Qe2 d5 7. Nxf6+ gxf6
8. d4 Bg7 9. dxe5 O-O 10. e6 Ne5 11. O-O c6 12. Bd3 Bxe6 13. Nd4 Bg4 14. f3 Bd7
15. Bf5 c5 16. Ne6 Bxe6 17. Bxe6+ Kh8 18. Bf5 Re8 19. f4 Nd7 20. Qh5 Nf8 21.
Bd2 Qb6 22. b3 Re7 23. Kh1 Rae8 24. Bd3 Qe6 25. Rad1 Qf7 26. Qf3 f5 27. Qh3 Re4
28. Bxe4 fxe4 29. f5 Nd7 30. Bh6 Bxh6 31. Qxh6 e3 32. Rde1 d4 33. f6 Rg8 34.
Qf4 Nf8 35. Qe5 Ne6 36. Re2 b6 37. Qd6 Re8 38. h3 Ng5 39. Qf4 Ne4 40. Kh2 Nc3
41. Ree1 Ne4 42. Rf3 Re6 43. Qb8+ Re8 44. Qf4 Re6 45. Ref1 Nd2 46. Re1 Nxf3+
47. Qxf3 Rxf6 48. Qa8+ Kg7 49. Qe4 Qc7+ 50. Kg1 Qf4 51. Qxf4 Rxf4 52. Re2 Kg6
53. g3 Rf7 54. Kg2 h5 55. a3 Kg5 56. a4 a6 57. Kg1 b5 58. axb5 axb5 59. Kg2 Ra7
60. Kf3 Ra1 61. Ke4 Rd1 62. b4 Rd2 63. Re1 cxb4 64. Rb1 e2 65. Re1 b3 66. cxb3
d3 67. Rc1 Rd1 68. Rc5+ Kf6 0-1

[Event "ESP-chT CECLUB Div 1"]
[Site "Linares"]
[Date "2017.08.14"]
[Round "1.2"]
[White "Oliva Castaneda, Kevel"]
[Black "Cuenca Jimenez, Jose Fernando"]
[Result "1-0"]
[WhiteElo "2497"]
[BlackElo "2513"]
[PlyCount "83"]
[EventDate "2017.08.14"]
[EventType "team-tourn"]
[EventRounds "7"]
[EventCountry "ESP"]
[SourceTitle "EXT 2018"]
[Source "ChessBase"]
[SourceDate "2017.10.13"]
[SourceVersion "1"]
[SourceVersionDate "2017.10.13"]
[SourceQuality "1"]
[WhiteTeam "Silla Lopez Instalaciones"]
[BlackTeam "Virgen de Atocha"]
[WhiteTeamCountry "ESP"]
[BlackTeamCountry "ESP"]

1. d4 Nf6 2. c4 c5 3. d5 e6 4. Nc3 exd5 5. cxd5 d6 6. g3 g6 7. Bg2 Bg7 8. Nf3
O-O 9. O-O a6 10. a4 Re8 11. Bf4 Ne4 12. Nxe4 Rxe4 13. Nd2 Rb4 14. a5 Bxb2 15.
Ra4 Rxa4 16. Qxa4 Bg7 17. Nc4 Bf8 18. Nb6 Bd7 19. Qb3 Ra7 20. Rb1 Bb5 21. Bh3
Nd7 22. Nxd7 Bxd7 23. Qb6 Ra8 24. Qxd8 Rxd8 25. Bg5 Bxh3 26. Bxd8 Bc8 27. Rb6
f5 28. Bc7 Be7 29. f3 Kf7 30. Kf2 Ke8 31. Bxd6 Bd8 32. Bxc5 Bxb6 33. Bxb6 Bd7
34. e4 fxe4 35. fxe4 Bh3 36. Ke3 Kd7 37. Kd4 Bg2 38. e5 Ke7 39. e6 Kd6 40. Bc5+
Kc7 41. d6+ Kd8 42. Bb6+ 1-0

[Event "ESP-chT CECLUB Div 1"]
[Site "Linares"]
[Date "2017.08.15"]
[Round "2.2"]
[White "Cuenca Jimenez, Jose Fernando"]
[Black "Cordova, Emilio"]
[Result "1/2-1/2"]
[WhiteElo "2513"]
[BlackElo "2629"]
[PlyCount "44"]
[EventDate "2017.08.14"]
[EventType "team-tourn"]
[EventRounds "7"]
[EventCountry "ESP"]
[SourceTitle "EXT 2018"]
[Source "ChessBase"]
[SourceDate "2017.10.13"]
[SourceVersion "1"]
[SourceVersionDate "2017.10.13"]
[SourceQuality "1"]
[WhiteTeam "Virgen de Atocha"]
[BlackTeam "Oromana Schneider Electric"]
[WhiteTeamCountry "ESP"]
[BlackTeamCountry "ESP"]

1. d4 Nf6 2. c4 e6 3. Nc3 Bb4 4. Qc2 d5 5. cxd5 exd5 6. Bg5 h6 7. Bh4 Nc6 8. e3
g5 9. Bg3 Ne4 10. Bb5 Qe7 11. Nge2 Bf5 12. Qa4 O-O 13. Bxc6 bxc6 14. Qxc6 Qe6
15. Qxe6 fxe6 16. a3 Bxc3+ 17. Nxc3 Nxc3 18. bxc3 Rfc8 19. h4 g4 20. h5 Rab8
21. O-O Rb3 22. Kh2 Rxc3 1/2-1/2

[Event "ESP-chT CECLUB Div 1"]
[Site "Linares"]
[Date "2017.08.16"]
[Round "3.3"]
[White "Antipov, Mikhail Al"]
[Black "Cuenca Jimenez, Jose Fernando"]
[Result "0-1"]
[WhiteElo "2580"]
[BlackElo "2513"]
[PlyCount "62"]
[EventDate "2017.08.14"]
[EventType "team-tourn"]
[EventRounds "7"]
[EventCountry "ESP"]
[SourceTitle "EXT 2018"]
[Source "ChessBase"]
[SourceDate "2017.10.13"]
[SourceVersion "1"]
[SourceVersionDate "2017.10.13"]
[SourceQuality "1"]
[WhiteTeam "Extremadura Magic"]
[BlackTeam "Virgen de Atocha"]
[WhiteTeamCountry "ESP"]
[BlackTeamCountry "ESP"]

1. d4 Nf6 2. c4 g6 3. Nc3 Bg7 4. e4 d6 5. f3 O-O 6. Be3 c5 7. d5 e6 8. Qd2 exd5
9. cxd5 a6 10. a4 h5 11. h3 Nbd7 12. g4 Qa5 13. Nd1 Qc7 14. Nf2 Re8 15. Be2 Rb8
16. Rc1 b5 17. axb5 axb5 18. b4 Qa7 19. Nd3 Qa3 20. Kf1 Nxd5 21. Bh6 Bxh6 22.
Qxh6 c4 23. Rd1 Nc3 24. gxh5 Nxd1 25. hxg6 Nf8 26. Nf4 Ne3+ 27. Kf2 fxg6 28.
Nxg6 Qa7 29. Qh8+ Kf7 30. Kg3 Kxg6 31. f4 Qg7 0-1